| 000 | 00963pam a2200277 a 4500 | ||
|---|---|---|---|
| 001 | 4346241 | ||
| 003 | ARRUPE | ||
| 005 | 20131023171956.0 | ||
| 008 | 890821s1990 mdu b 000 0 eng | ||
| 010 | _a 89039653 | ||
| 020 | _a081917632X (alk. paper) | ||
| 040 |
_aDLC _cDLC _dDLC |
||
| 050 | 0 | 0 |
_aP302.8 _b.D4 1989 |
| 100 | 1 |
_aDeConcini, Barbara. _92887 |
|
| 245 | 1 | 0 |
_aNarrative remembering / _cBarbara DeConcini. |
| 260 |
_aLanham : _bUniversity Press of America, _cc1990. |
||
| 300 |
_axv, 292 p. ; _c23 cm. |
||
| 504 | _aIncludes bibliographical references (p. 283-292). | ||
| 650 | 0 |
_aDiscourse analysis, Narrative _xPsychological aspects. _92888 |
|
| 650 | 0 |
_aMemory. _92889 |
|
| 650 | 0 |
_aFiction _xTechnique. _92890 |
|
| 650 | 0 |
_aHermeneutics. _92891 |
|
| 906 |
_a7 _bcbc _corignew _d1 _eocip _f19 _gy-gencatlg |
||
| 942 |
_2lcc _cMONOGRAPH |
||
| 999 |
_c118434 _d118434 |
||